Tilastot visalle Suomen presidenttien pituudet

Klikkaa tästä pelataksesi tätä visaa!

Yleistilastot

  • Tätä visaa on pelattu 9 kertaa
  • Keskiarvotulos 5 / 13

Vastaustilastot

PituusPresidentti% Oikein
172 cmTarja Halonen
71%
189 cmAlexander Stubb
57%
190 cmMauno Koivisto
57%
187 cmC. G. E. Mannerheim
43%
178 cmMartti Ahtisaari
43%
175 cmRisto Ryti
43%
177 cmSauli Niinistö
43%
178 cmJ. K. Paasikivi
29%
177 cmK. J. Ståhlberg
29%
172 cmKyösti Kallio
29%
180 cmLauri Kristian Relander
29%
179 cmP. E. Svinhufvud
29%
181 cmUrho Kekkonen
14%

Tulosjakauma

Persentiili vastausten määrän mukaan

Jokaisen tuloksen saaneiden osuus

Tuloshistoriasi

Et ole pelannut tätä visaa